000 00815nam a2200253 a 4500
001 BRL_1914
005 20190320211431.0
008 170815s2004----sp-o######---#000-0#spa-#
020 _a8495005476
041 _aspa
044 _asp
050 4 _aTR646.M4
_b.H84 2004
111 2 _aHuesca Imagen
_d2004
_928219
245 1 0 _aMéxico (1920-1960)
_b30 abril/30 mayo 2004
_cHuesca Imagen ; Diputación de Huesca, [organiza ; comisario, Julio Álvarez Sotos]
260 _aHuesca
_bDiputación de Huesca : Ibercaja
_c2004
300 _a183 p.
_bil.
_c22 cm
440 0 _aHuesca Imagen
_v13
_928220
500 _aAu2223
650 1 4 _aFotografía
_vExposiciones
_zMéxico
_928221
650 1 4 _aFotografía artística
_vExposiciones
_928222
700 1 _aÁlvarez Sotos, Julio
_928223
902 _aGRL
942 _2lcc
_cB
999 _c10722
_d10722